The art of counseling; (Record no. 31064)
[ view plain ]
| 000 -LEADER | |
|---|---|
| fixed length control field | 00567nam a2200193 4500 |
| 008 - FIXED-LENGTH DATA ELEMENTS--GENERAL INFORMATION | |
| fixed length control field | 080402s1939 tnu 000 0 eng |
| 090 ## - LOCALLY ASSIGNED LC-TYPE CALL NUMBER (OCLC); LOCAL CALL NUMBER (OCLC) | |
| Classification number (OCLC) (R) ; Classification number, CALL (RLIN) (NR) | BF637.C5 |
| Local cutter number (OCLC) ; Book number/undivided call number, CALL (RLIN) | M45a |
| 100 1# - MAIN ENTRY--PERSONAL NAME | |
| Personal name | May, Rollo |
| 245 14 - TITLE STATEMENT | |
| Title | The art of counseling; |
| 260 ## - PUBLICATION, DISTRIBUTION, ETC. (IMPRINT) | |
| Place of publication, distribution, etc | Nashville : |
| Name of publisher, distributor, etc | Abingdon Press, |
| Date of publication, distribution, etc | 1939. |
| 300 ## - PHYSICAL DESCRIPTION | |
| Extent | 247 p. ; |
| Dimensions | 21cm. |
| 504 ## - BIBLIOGRAPHY, ETC. NOTE | |
| Bibliography, etc | Includes bibiography (p.243-244). |
| 650 #4 - SUBJECT ADDED ENTRY--TOPICAL TERM | |
| Topical term or geographic name as entry element | Counseling. |
| 650 #4 - SUBJECT ADDED ENTRY--TOPICAL TERM | |
| Topical term or geographic name as entry element | Mental health. |
| 650 #4 - SUBJECT ADDED ENTRY--TOPICAL TERM | |
| Topical term or geographic name as entry element | Personality. |
| 650 #4 - SUBJECT ADDED ENTRY--TOPICAL TERM | |
| Topical term or geographic name as entry element | Psychology, Pastoral. |
| 951 ## - EQUIVALENCE OR CROSS-REFERENCE-GEOGRAPHIC NAME/AREA NAME [OBSOLETE] [CAN/MARC only] | |
| General subdivision | 00017602 |
| 951 ## - EQUIVALENCE OR CROSS-REFERENCE-GEOGRAPHIC NAME/AREA NAME [OBSOLETE] [CAN/MARC only] | |
| -- | 8242 |
| -- | BF637.C5/M45a |
| -- | 080402134613515 |
| -- | 2000-12-21 |
| -- | GC |
| Withdrawn status | Lost status | Damaged status | Not for loan | Home library | Current library | Shelving location | Date acquired | Accession number | Shelving control number | Total Checkouts | Full call number | Barcode | Date last seen | Price effective from | Koha item type |
|---|---|---|---|---|---|---|---|---|---|---|---|---|---|---|---|
| BSOP Library | BSOP Library | GC | 12/21/2000 | 8242 | 127 | BF637.C5/M45a | 00017602 | 02/23/2013 | 02/23/2013 | Books |
